00711nam a2200241 a 4500001001300000003000900013005001700022008004100039020001000080082001700090100002200107245004400129260004800173300001000221500003500231505001100266650002300277700002200300902000800322942000700330952011700337999001500454nice12345678IN_TiNIC20260116011638.0050524s1955 hyda grp 000 0 urd  ac10000a297.122bABD aAbdul, Latif Syed aWuh Zehan Jis Ki Tamir Qur`an Karta Hai aHyderabadbAcademy of Islamic Studiesc1955 a208p. aincludes index and biblioraphy2 aThesis aQuran-Appreciation1 aAbdul, Latif Syed bSRS cBK 001040708StackRoom-aHMIbHMId2007-07-30g100.00l0o297.122 ABDp06243r2007-07-30v100.00w2005-05-24yBK c3104d3104